Tracez le contour de la France en nommant des villes - Statistiques

Statistiques générales
  • Ce quiz a été pris 1 024 fois
    974 depuis la dernière actualisation
  • Le résultat moyen est 25 sur 50
Réponses sur la Carte
Les réponses sont colorées sur une échelle allant du rouge au vert en fonction du pourcentage des utilisateurs qui les ont devinées à leur premier essai. Vous pouvez retrouver ces pourcentages ci-dessous.
 
Statistiques - réponses
Ville % Correct
Brest
96%
Saint-Malo
75%
Strasbourg
70%
Le Havre
69%
Cannes
68%
Lille
66%
Marseille
66%
Ajaccio
63%
Étretat
63%
Cherbourg-en-Cotentin
62%
Évian-les-Bains
61%
Dunkerque
60%
Calais
59%
Nice
59%
Bastia
58%
Colmar
58%
Roubaix
58%
Montpellier
57%
Toulon
57%
Perpignan
56%
Bayonne
54%
Chamonix
53%
La Rochelle
53%
Saint-Nazaire
51%
Vannes
48%
Sedan
47%
Lorient
45%
Mulhouse
45%
Quimper
44%
Saint-Tropez
44%
Les Sables-d'Olonne
42%
Boulogne-sur-Mer
41%
Le Touquet
41%
Narbonne
41%
Béziers
39%
Guérande
39%
Honfleur
38%
Porto-Vecchio
38%
Granville
37%
Valenciennes
37%
Antibes
33%
Briançon
33%
Fréjus
33%
Saint-Jean-de-Luz
33%
Bonifacio
32%
Menton
31%
Royan
29%
Montbéliard
26%
Sélestat
22%
Bagnères-de-Luchon
20%
Aucun quiz correspondant
Distribution des résultats
% des personnes avec chaque résultat
Percentile par nombre de réponses
Votre historique - résultats
Vous n’avez pas pris ce quiz depuis la dernière actualisation